| 000 | 00000nam 2200000zi 4500 |
| 001 | 9.947314 |
| 003 | CaOODSP |
| 005 | 20250123131641 |
| 006 | m o d f |
| 007 | cr |n||||||||| |
| 008 | 250123s1950 oncade o f000 0 eng d |
| 040 | |aCaOODSP|beng|erda|cCaOODSP |
| 043 | |an-cn--- |
| 086 | 1 |aA52-269/1950E-PDF |
| 086 | 1 |zA51-65E-PDF |
| 100 | 1 |aMoynan, John C., |eauthor. |
| 245 | 10|aDivision of Illustration Stations, Central Experimental Farm, Ottawa : |bprogress report, 1938-1947 / |cJohn C. Moynan. |
| 264 | 1|aOttawa, Canada : |bMinister of Agriculture, |c[1950] |
| 300 | |a1 online resource (85 pages, 2 unnumbered pages) : |billustrations, charts, plans |
| 336 | |atext|btxt|2rdacontent |
| 337 | |acomputer|bc|2rdamedia |
| 338 | |aonline resource|bcr|2rdacarrier |
| 500 | |aDigitized edition from print [provided by Agriculture and Agri-Food Canada]. |
| 610 | 15|aCanada. |bExperimental Farms Service. |bDivision of Illustration Stations. |
| 610 | 15|aCanada. |bService des fermes expérimentales. |bDivision des stations de démonstration. |
| 650 | 0|aAgricultural experiment stations|zCanada. |
| 650 | 6|aStations agronomiques|zCanada. |
| 710 | 1 |aCanada. |bExperimental Farms Service. |bDivision of Illustration Stations, |eissuing body. |
| 856 | 40|qPDF|s20.50 MB|uhttps://publications.gc.ca/collections/collection_2024/aac-aafc/A51-65-1938-eng.pdf |